Ingredients Of Pesto - Statistics

General Stats
  • This quiz has been taken 68 times
  • The average score is 4 of 7
Answer Stats
Answer % Correct
Basil
93%
Olive Oil
82%
Salt
80%
Pine Nuts
72%
Garlic
63%
Pecorino Cheese
20%
Parmigiano Cheese
18%
No matching quizzes found
Score Distribution
Percent of People with Each Score
Percentile by Number Answered
Your Score History
You have not taken this quiz